000
00258nam a2200109Ia 4500
008
200302s9999 xx 000 0 und d
100
_a
Boyne
245
_a
Architects Working Details Vol I
260
_b
The Architectural Press
260
_c
1953
300
_a
159 P.,
999
_c
11
_d
11